Statystyki dla 8- Transport: część 2/3

Kliknij tutaj aby rozwiązać quiz!

Ogólne statystyki

  • Ten quiz został rozwiązany 18 razy
  • Średni wynik to 9 z 51

Statystyki odpowiedzi

HintOdpowiedź% Poprawnych
hotelhotel
100%
mapamap
86%
wakacjeholidays
71%
kameracamera
57%
kapeluszhat
57%
wspinaczkaclimbing
43%
safarisafari
43%
narciarstwoskiing
43%
zajęciaactivities
29%
plecakbackpack
29%
schroniskohostel
29%
robić zdjęciatake photos
29%
narciarstwo wodnewater skiing
29%
windsurfingwindsurfing
29%
zakwaterowanieaccomodation
14%
zakwaterowanieaccomodation
14%
zarezerwować lotybook flights
14%
kempingcampsite
14%
przyczepa kempingowacaravan
14%
sprzętequipment
14%
zgubić paszportlose passport
14%
bagażluggage
14%
nurkowaniescuba diving
14%
zwiedzaniesightseeing
14%
zwiedzaniesightseeing
14%
zwiedzaniesightseeing
14%
walizkasuitcase
14%
opalanie sięsunbathing
14%
kostium kąpielowyswimsuit
14%
typy wakacjitypes of holiday
14%
przerwa weekendowaweekend break
14%
aktywne wakacjeactivity holiday
0%
kurort nadmorskibeach resort
0%
zakwaterowanie ze śniadaniembed & breakfast
0%
kajakarstwocanoeing
0%
skoki z klifucliff diving
0%
wycieczkaday trip
0%
Zapiąć pasfasten seatbelt
0%
utknąć w korkuget stuck in a traffic jam
0%
pensjonatguest house
0%
przewodnikguidebook
0%
środek odstraszający owadyinsect repellent
0%
uważać na odstęp (na peronie)mind the gap
0%
spóźnić się na lotmiss flight
0%
wakacje zorganizowanepackage holiday
0%
stanąć z dala od drzwistand clear of the doors
0%
krem do opalaniasunscreen
0%
kostium kąpielowyswimming costume
0%
podróżować zagranicętravel abroad
0%
raftingwhitewater rafting
0%
Schronisko Młodzieżoweyouth hostel
0%

Rozkład punktacji

Percentyl według liczby udzielonych odpowiedzi

Procent ludzi z każdym wynikiem

Twoja historia wyników

Nie rozwiązałeś tego quizu